| 000 | 00391nam a22001337a 4500 | ||
|---|---|---|---|
| 082 |
_a388.4068 _bSMA _cD |
||
| 100 |
_aUs department of transportation, _913255 |
||
| 245 | _aSmall transit system management handbook/ | ||
| 260 |
_aUSA _bUS Govt printing office _cc1986 |
||
| 300 |
_a292-p.; _bill,: _c28cm |
||
| 526 |
_a0 _b0 _c0 _d388_406800000000000_SMA |
||
| 650 |
_aMCE _9379 |
||
| 942 |
_2ddc _cBK |
||
| 999 |
_c543404 _d543404 |
||